Statistics for Random Spanish Words

Click here to take the quiz!

General Stats

  • This quiz has been taken 734 times
    (718 since last reset)
  • The average score is 18 of 21

Answer Stats

HintAnswer% Correct
PadreFather
99%
HolaHello
99%
MadreMother
99%
FamiliaFamily
98%
AmigaFriend
98%
FiestaParty
98%
CasaHouse
97%
NavidadChristmas
96%
EspañaSpain
95%
MañanaTomorrow
92%
CiudadCity
89%
TrabajoWork
89%
CocinaKitchen
88%
PersonasPeople
88%
CumpleañosBirthday
86%
AbuelaGrandma
84%
JefeBoss
72%
DormitorioBedroom
70%
DivertidoFun
66%
PaísCountry
65%
AyerYesterday
65%

Score Distribution

Percentile by Number Answered

Percent of People with Each Score

Your Score History

You have not taken this quiz since the last reset